Представление документа в формате RUSMARC

ПолеНазваниеЗначение
  Тип записи a
  Библиографический уровень m
001 Контрольный номер RU/SLIB/B/208732825
005 Дата корректировки 20260127121404.2
010 Индекс ISBN __
d Цена 13840-00; 6900-00
100 Данные общей обработки __
a Данные общей обработки 20260127d1994 m y0rusy028902 ca
101 Язык документа 0_
a Язык текста rus
102 Страна публикации __
a Страна публикации RU
105 Кодированные данные (монография) __
a Кодированные данные (монография) y j 000yy
181 Поле кодированных данных: вид содержания _0
a Код вида содержания (ISBD) i
182 Поле кодированных данных: тип средства _0
a Код типа средства (ISBD) n
200 Заглавие и сведения об ответственности 1_
a Заглавие Учебник торгового права
e Сведения, относящиеся к заглавию учебник
f Первые сведения об ответственности Шершеневич, Г. Ф.
g Последующие сведения об ответственности вступительная статья Е. А. Суханова
203 Вид содержания и тип средства __
a Вид содержания Текст
c Тип средства непосредственный
205 Сведения об издании __
b Дополнительные сведения об издании Репр. воспр. с изд. 1914 г.
210 Выходные данные 1_
a Место издания Москва
c Издательство СПАРК
d Дата издания 1994
215 Физическое описание __
a Объем 336 с.
606 Тематические рубрики __
a Основная рубрика Право
z Хронологическая подрубрика 1914 г.
z Хронологическая подрубрика 20 в. нач.
y Географическая подрубрика Россия
2 Код системы nlr_sh
606 Тематические рубрики __
a Основная рубрика Отрасли права, смежные с гражданским правом
2 Код системы nlr_sh
610 Ключевые слова 0_
a Ключевые слова сделки; купечество; фирмы; товарищества; товары; цена; деньги; банковские сделки; векселя; ценные бумаги; торговое право
686 Индексы других классификаций __
a Классификационный индекс 67.404.91(2Рос)я73; ст67.404я73
2 Код системы rubbks
700 Автор _0
a Фамилия Шершеневич
b Имя Г. Ф.
4 Код отношения 070
f Даты 1863-1912
g Полное личное имя Габриэль Феликсович
702 Вторичная интеллектуальная ответственность _1
a Фамилия Суханов
b Имя Е. А.
4 Код отношения 080
801 Источник записи _0
a Страна RU
b Организация Муниципальное бюджетное учреждение культуры "Централизованная библиотечная система" г. Сургут (Центральная городская библиотека им. А. С. Пушкина)
g Правила каталогизации PSBO
c Дата составления 19981025
801 Источник записи _1
a Страна RU
b Организация Муниципальное бюджетное учреждение культуры "Централизованная библиотечная система" г. Сургут (Центральная городская библиотека им. А. С. Пушкина)
g Правила каталогизации PSBO
c Дата составления 19981025
852 Данные о местонахождении __
j Шифр хранения 67.404.91(2Рос)я73
c Каталожный индекс 67.404(2Рос)я73
i Авторский знак Ш 50
p Инвентарный номер 56637, 51744
901 Тип документа __
t Тип документа m
a Ответственный КиК/Уланова
901 Тип документа __
a Ответственный СКБР2026
903 Характеристики (МАРС) __
a Дата передачи 19981025
c Наименование библиотеки (МАРС) Муниципальное бюджетное учреждение культуры "Централизованная библиотечная система" г. Сургут (Центральная городская библиотека им. А. С. Пушкина)
969 Тип издания __
a Тип издания учебник
990 Данные о заказе (DOS) __
j Количество экземпляров (DOS) 4
h N записи в КСУ для Б/У (DOS) 199201